Alexander the Great /

محفوظ في:

المؤلف الرئيسي: Weigall, Arthur E. P. Brome, 1880-1934.

التنسيق: كتاب

اللغة: English

سلاسل: Keystone library.

الموضوعات:

الوسوم: إضافة وسم

لا توجد وسوم, كن أول من يضع وسما على هذه التسجيلة!

رقم الطلب: DF234 .W4 1935

LEADER 00685nam a2200205ui 4500
001 lss03317255
003 OSt
005 20251228144115.0
008 770915s1935 nyubcf 000 0beng d
040 |c ARCE Library 
050 4 |a DF234 .W4 1935 
100 1 |a Weigall, Arthur E. P. Brome,   |q (Arthur Edward Pearse Brome),   |d 1880-1934. 
245 1 0 |a Alexander the Great /  |c by Arthur Weigall. 
264 |a London :   |b Thornton Butterworth,   |c 1935. 
300 |a 350 pages, 2 unnumbered leaves of plates :   |b 1 folded map, portrait ; 23 cm.  |c 23 cm. 
490 0 |a Keystone library. 
600 0 0 |a Alexander,  |c the Great,  |d 356 B.C.-323 B.C. 
901 |a reviewed 
942 |2 lcc  |c BK 
999 |c 55160  |d 55160